| 000 -CABECERA |
| Longitud fija campo de control |
00669nam a2200193 a 4500 |
| 001 - NÚMERO DE CONTROL |
| Número de control |
3005 |
| 003 - IDENTIFICADOR DEL NÚMERO DE CONTROL |
| Identificador del número de control |
CDMR |
| 005 - FECHA Y HORA DE LA ÚLTIMA TRANSACCIÓN |
| Fecha y hora de la última transacción |
20151016134802.0 |
| 008 - CÓDIGOS DE INFORMACIÓN DE LONGITUD FIJA |
| Códigos de información de longitud fija |
130130s1976||||||||||||||||||||||||||||d |
| 040 ## - FUENTE DE LA CATALOGACIÓN |
| Centro catalogador de origen |
CDMR |
| Lengua de catalogación |
cat |
| Centro transcriptor |
CDMR |
| 111 2# - PUNTO DE ACCESO PRINCIPAL-NOMBRE DE CONGRESO |
| Nombre de congreso o jurisdicción como elemento de entrada |
Congreso Internacional de Periodistas |
| Sede del congreso |
Helsinki |
| Fecha del congreso |
1976 |
| Número del congreso o número de parte o sección de la obra |
8º |
| 9 (RLIN) |
2208 |
| 245 10 - MENCIÓN DE TÍTULO |
| Título |
8º Congreso de la Organización Internacional de Periodistas |
| Resto del título |
: Helsinki, Finlandia, septiembre 1976 |
| 246 ## - VARIANTES DE TÍTULO |
| Título propio / Título en breve |
8ª Congreso d ela OIP |
| 260 ## - PUBLICACIÓN, DISTRIBUCIÓN, ETC. (PIE DE IMPRENTA) |
| Lugar de publicación, distribución, etc. |
Praga |
| Fecha de publicación, distribución, etc. |
[s.d] |
| Nombre del editor, distribuidor, etc. |
Organización Internacional de Periodistas |
| 300 ## - DESCRIPCIÓN FÍSICA |
| Extensión |
130 p. |
| 650 04 - PUNTO DE ACCESO ADICIONAL DE MATERIA - TÉRMINO DE MATERIA |
| 9 (RLIN) |
3445 |
| Término de materia o nombre geográfico como elemento inicial |
Periodisme |
| Subdivisión de materia general |
Congressos |
| 610 2# - PUNTO DE ACCESO ADICIONAL DE MATERIA - NOMBRE DE ENTIDAD CORPORATIVA |
| 9 (RLIN) |
2308 |
| Nombre de entidad corporativa o nombre de jurisdicción como elemento inicial |
International Organisation of Journalists |
| 942 ## - ENTRADA DE ELEMENTOS AGREGADOS (KOHA) |
| Koha [por defecto] tipo de item |
Monografies |
| Fuente de clasificaión o esquema |
|